Congestion charge hits retailers (Record no. 117855)

MARC details
000 -LEADER
fixed length control field 01032cam a2200205 4500
001 - CONTROL NUMBER
control field WB@3612-852
008 - FIXED-LENGTH DATA ELEMENTS--GENERAL INFORMATION
fixed length control field 040818n2004 000 0 eng u
035 ## - SYSTEM CONTROL NUMBER
System control number (Sirsi) u127091
245 ## - TITLE STATEMENT
Title Congestion charge hits retailers
260 ## - PUBLICATION, DISTRIBUTION, ETC.
Date of publication, distribution, etc. 2004
490 ## - SERIES STATEMENT
Series statement RICS Press Release
Volume/sequential designation 12 August 2004 (1)
520 ## - SUMMARY, ETC.
Summary, etc. With the threat of the London congestion charge extending west of the city to Kensington and Chelsea, more research must be done into the effect and impact on shops and businesses. Research published earlier this year by RICS showed that 90% of retailers view the charge negatively. Kensington and Chelsea contain large numbers of small specialist retailers who could be particularly vulnerable to even a small reduction in business. http://www.rics.org/ricscms/bin/show?class=PressRe lease&template=/includes/showpr.html&id=1221
590 ## - LOCAL NOTE (RLIN)
Local note WB
590 ## - LOCAL NOTE (RLIN)
Local note WB
650 ## - SUBJECT ADDED ENTRY--TOPICAL TERM
Topical term or geographic name entry element CONGESTION CHARGING
650 ## - SUBJECT ADDED ENTRY--TOPICAL TERM
Topical term or geographic name entry element TRANSPORT POLICIES
650 ## - SUBJECT ADDED ENTRY--TOPICAL TERM
Topical term or geographic name entry element LONDON
690 ## - LOCAL SUBJECT ADDED ENTRY--TOPICAL TERM (OCLC, RLIN)
Topical term or geographic name as entry element TRANSPORT AND COMMUNICATIONS
942 ## - ADDED ENTRY ELEMENTS (KOHA)
Suppress in OPAC 0
Holdings
Withdrawn status Lost status Source of classification or shelving scheme Damaged status Not for loan Home library Current library Shelving location Date acquired Total Checkouts Full call number Barcode Date last seen Copy number Price effective from Koha item type
    Dewey Decimal Classification     London London News article 18/08/2004   WB4032-16 127091-1001 06/08/2019 1 06/08/2019 News article